Online Catalogue and eLibrary

Anndal pavaiyum alahuththamilum (Record no. 1374)

MARC details
000 -LEADER
fixed length control field 00414nam a2200145Ia 4500
005 - DATE AND TIME OF LATEST TRANSACTION
control field 20250429042241.0
008 - FIXED-LENGTH DATA ELEMENTS--GENERAL INFORMATION
fixed length control field 240331s9999 xx 000 0 und d
082 ## - DDC Classification
Item Number - Author Mark ULA
Class No. 291
100 ## - MAIN ENTRY--PERSONAL NAME
Personal name Ulakanathan, V.M
245 #0 - TITLE STATEMENT
Title Anndal pavaiyum alahuththamilum
260 ## - PUBLICATION, DISTRIBUTION, ETC.
Place of publication, distribution, etc. Chennai
Name of publisher, distributor, etc. Vasuki Pathippagam
Date of publication, distribution, etc. 1989
300 ## - PHYSICAL DESCRIPTION
Extent (e.g. Volumes, Pages etc.) 208 p .,
500 ## - GENERAL NOTE
General note Thirupaavaiyil 16 muthal 30 paasurangaluku vilakkamum oppaivum
942 ## - Koha item type (Biblio)
Koha item type Books in Stacks (Lending)
Holdings
Lost status Damaged status Collection code Home library Current library Shelving location Date acquired Full call number Accession Number Item type
    Lending WERC Library WERC Library Social Science Cupboard 03/31/2024 291.5 ULA 811 Books in Stacks (Lending)

© WERC Library